000 00775cam a2200181 4500
001 X107906
008 000000n2000 000 0 eng u
035 _a(Sirsi) u107906
245 _aJames v Evans
260 _c2000
490 _aNew Property Cases
_v[2000] NPC 85 (22/07/00)
520 _aA negotiation 'subject to contract' is not taken out of s2 of the Law of Property (Miscellaneous Provisions) Act 1989, notwithstanding that one party signs the contract and his cheque is accepted by the sister of the other party who is ill. HEADNOTE FROM JOURNAL - NOT TO BE PHOTOCOPIED.
650 _aLAW OF PROPERTY (MISCELLANEOUS PROVISIONS) ACT 1989
650 _aJAMES V EVANS
650 _aSUBJECT TO CONTRACT
690 _aPROPERTY AND LAND LAW-CASE LAW
942 _n0
999 _c64454
_d64454